Statistiche per Capitali del mondo più vicino a Lisbona

Clicka qui per fare il quiz!

Statistiche generali

  • Questo quiz è stato fatto 90 volte
  • Il punteggio medio è 16 su 20

Statistiche sulle risposte

kmcapitale% Corretto
503Madrid
100%
1865Roma
100%
1454Parigi
98%
1588Londra
94%
1715Bruxelles
90%
1866Amsterdam
88%
1631Berna
87%
1100Algeri
84%
1642Dublino
84%
568Rabat
84%
1711Tunisi
83%
1863Città del Vaticano
78%
1714Lussemburgo
77%
1890San Marino
77%
994Andorra la Vella
76%
1780Vaduz
76%
1492Monaco
73%
2113La Valletta
64%
2113Tripoli
60%
2099Lubiana
49%

Distribuzione punteggi

Percentile per numero di risposta

Percentuale di utenti per punteggio

I tuoi punteggi nel tempo

Non hai fatto questo quiz